Countries by Resource Production - Statistics

General Stats
  • This quiz has been taken 25 times
  • The average score is 45 of 50
Answer Stats
Resource Quantity Answer % Correct
Tin 12 thousand tonnes Brazil
100%
Silver 2,500 tonnes China
100%
Gold 440 tonnes China
100%
Copper 1.86 million tonnes China
100%
Steel 928.3 million tonnes China
100%
Aluminium 32.6 million tonnes China
100%
Coal 3,411 million tonnes China
100%
Tin 125 thousand tonnes China
100%
Steel 106.5 million tonnes India
100%
Aluminium 3.6 million tonnes India
100%
Coal 692.4 million tonnes India
100%
Silver 1,600 tonnes Russia
100%
Gold 255 tonnes Russia
100%
Aluminium 3.21 million tonnes Russia
100%
Oil 11.2 million barrels/day Russia
100%
Natural Gas 635,500 million cubic metres Russia
100%
Uranium 3 thousand tonnes Russia
100%
Gold 245 tonnes United States
100%
Copper 1.27 million tonnes United States
100%
Steel 86.7 million tonnes United States
100%
Coal 660.6 million tonnes United States
100%
Oil 12 million barrels/day United States
100%
Natural Gas 766,200 million cubic metres United States
100%
Gold 180 tonnes Canada
95%
Aluminium 3.2 million tonnes Canada
95%
Natural Gas 149,900 million cubic metres Canada
95%
Uranium 13.3 thousand tonnes Canada
95%
Silver 5,600 tonnes Mexico
95%
Oil 11.1 million barrels/day Saudi Arabia
95%
Oil 4 million barrels/day Iran
90%
Natural Gas 184,800 million cubic metres Iran
90%
Steel 104.3 million tonnes Japan
90%
Gold 300 tonnes Australia
86%
Copper 0.92 million tonnes Australia
86%
Coal 492.8 million tonnes Australia
86%
Uranium 5.7 thousand tonnes Australia
86%
Coal 434 million tonnes Indonesia
86%
Tin 84 thousand tonnes Indonesia
86%
Copper 5.33 million tonnes Chile
81%
Uranium 4.1 thousand tonnes Niger
81%
Silver 4,500 tonnes Peru
81%
Copper 2.39 million tonnes Peru
81%
Tin 23.7 thousand tonnes Peru
81%
Steel 72.5 million tonnes South Korea
81%
Uranium 23.8 thousand tonnes Kazakhstan
76%
Oil 4.5 million barrels/day Iraq
71%
Tin 18 thousand tonnes Bolivia
67%
Aluminium 2.6 million tonnes United Arab Emirates
57%
Natural Gas 165,000 million cubic metres Qatar
52%
Silver 1,400 tonnes Poland
33%
No matching quizzes found
Score Distribution
Percent of People with Each Score
Percentile by Number Answered
Your Score History
You have not taken this quiz